000
00228 a2200097 4500
001
34465
100
_a
Langley Mystle
245
_a
Satellite Communications
260
_a
Ny
_b
Van Nostrand Reinhold
_c
1991
090
_c
22754
_d
22754
942
_a
NUST-CAE
_c
M
_c
14174
999
_c
269538
_d
269538